Sports Quiz

Random Sports or Football Quiz

World Football League cities Quiz Stats

 Plays Quiz not verified by Sporcle

Challenge
Share
Tweet
Embed
Score 0/15 Timer 05:00
0 Plays Today
% Correct
New York
93.6%
Chicago
87.2%
Detroit
80.9%
Anaheim
76.6%
Birmingham
72.3%
Houston
72.3%
Philadelphia
68.1%
Memphis
66%
% Correct
Jacksonville
63.8%
Orlando
63.8%
Charlotte
61.7%
San Antonio
61.7%
Portland
57.4%
Honolulu
53.2%
Shreveport
36.2%

You're not logged in!

Compare scores with friends on all Sporcle quizzes.
Join for Free
OR
Log In

You Might Also Like...

Show Comments

Extras

Top Quizzes Today


Score Distribution

Your Account Isn't Verified!

In order to create a playlist on Sporcle, you need to verify the email address you used during registration. Go to your Sporcle Settings to finish the process.

Report this User

Report this user for behavior that violates our Community Guidelines.

Details: